| 000 | 00351nam a2200133Ia 4500 | ||
|---|---|---|---|
| 008 | 180309s9999 xx 000 0 und d | ||
| 020 | _a9781138684768 | ||
| 100 | _aSloan, Julia | ||
| 245 | _aLearning to think strategically / | ||
| 250 | _a3rd ed | ||
| 260 |
_anew York : _b2017 _cRoutledge |
||
| 300 | _av, 285 pages | ||
| 650 | _aStrategic Planning. | ||
| 999 |
_c356158 _d356158 |
||